000 00664nam a2200193 i 4500
001 103802
003 ES-MaACL
005 20230906183440.0
007 t|
008 051118s1946 ag ||||1| spa d
100 1 _aMerriman, Roger Bigelow.
_980603
245 1 0 _aSolimán el Magnífico. 1520-1566 /
_cRoger Bigelow Merriman; [traducción del inglés hecha por H. Caprile].
250 _a[1ª ed.].
260 _aBuenos Aires :
_bEspasa-Calpe,
_c1946.
300 _a270 p., 1 h. con 1 lám. ;
_c23 cm.
600 1 4 _aSulayman
_cel Magnífico, Sultán de Turquía (
_d1494-1566)
_9165967
700 1 _aCaprile, H.
_934907
852 _aES-MaACL
_jD-7646
_bR.29379
999 _c103802
_d103802